| 000 | 00501nam a2200193 4500 | ||
|---|---|---|---|
| 001 | 0007563 | ||
| 003 | DO-SdBNP | ||
| 005 | 20171102110037.0 | ||
| 007 | 0007563 | ||
| 008 | 160331b 19uu ||||| |||| 00| 0 spa d | ||
| 040 |
_aBPMSU _bspa _cBPMSU |
||
| 100 | _4Bach, Richard | ||
| 245 |
_aJuan Salvador Gaviota / _cRichard Bach |
||
| 260 |
_a[s.l _bs.n., _c190?] |
||
| 300 |
_a64 p. : _bil. _c23 cm. |
||
| 942 |
_2ddc _cBK |
||
| 945 | _aInventariado, 2017/MFF | ||
| 956 |
_2VMATEO _310 _620160331 _8BPMSU _a0069 |
||
| 999 |
_c9470 _d9470 |
||